History Quiz

Random History or World Quiz
Score 0/25 Timer 10:00
0 Plays Today
Hint Term % Correct
Apple releases this new, immensely popular tablet computeriPad
93.6%
This online encylopedia, available to all, is launchedWikipedia
90.5%
This new browser by Mozilla is instantly popularFirefox
88.7%
Apple introduces this new music buying service, where users can buy songs one at a timeiTunes
88.1%
Google releases this new web browserChrome
88%
This personal voice assistant on the iPhone is the first to have Internet connectionsSiri
87.7%
This auction site appears in its first incarnation, a site called AuctionWebeBay
85.1%
Microsoft releases this new search engine to compete with other major searchersBing
84.2%
This watersport activity is now also the term for going online and exploringSurfing
81.6%
This service from Google enables users to see the around the planet from a satellite view Google Earth
79.9%
Jack Dorsey, Evan Williams, Biz Stone and Noah Glass create this new social networking platformTwitter
78.2%
As the dot-com bubble bursts, this online retailer's stock goes down to $7 from $107; however the stock is now over $350 againAmazon
74.9%
This WikiLeaks-aided former NSA contractor releases classified military documents over the internetEdward Snowden
73.8%
Hint Term % Correct
Version 3 of this web browser is the last one supported by MacintoshInternet Explorer
67.7%
This peer-to-peer file sharing service is created; it is eventually used mostly for sharing musicNapster
64.6%
Linus Torvalds releases the first version of this free, open source operating systemLinux
53.2%
This service, the first web-based email, first appearedHotmail
51.9%
At the end of this year, there were over 87 million blogs on this microblogging websiteTumblr
43.9%
This now-common method of linking and accessing information with a single click is proposed to CERNHyperText
39.8%
Microsoft launches this online multiplayer gaming serviceXbox Live
36%
This American baseball team's website crashes due to millions of hits immediately after they reached the World Series for the first timeColorado Rockies
29.5%
These two graduate students incorporate Google (name either one)Sergey Brin and Larry Page
26.5%
This man created the first ever website as part of his project to create the World Wide WebTim Berners-Lee
19.8%
This web hosting service is created- it allows users to create their own websites in a real or fictional place of their choosing onlineGeoCities
17.9%
This web browser was the first to be able to reach far and wide across the World Wide WebMosaic
6.4%
Remove Ads.
Support Sporcle.
Get the best of Sporcle when you Go Orange. This ad-free experience offers more features, more stats, and more fun while also helping to support Sporcle. Thank you for becoming a member.

You're not logged in!

Compare scores with friends on all Sporcle quizzes.
OR
Log In

Show Comments

Extras

Top Quizzes Today


Score Distribution

Your Account Isn't Verified!

In order to create a playlist on Sporcle, you need to verify the email address you used during registration. Go to your Sporcle Settings to finish the process.

Report this User

Report this user for behavior that violates our Community Guidelines.

Details: